Determinación de ácido cítrico /
Guardado en:
| Autor Principal: | |
|---|---|
| Otros Autores: | , |
| Formato: | Libro |
| Idioma: | Spanish |
| Etiquetas: |
Agregar Etiqueta
Sin Etiquetas, Sea el primero en etiquetar este registro!
|
| LEADER | 00440nam a22001455a 4500 | ||
|---|---|---|---|
| 001 | EUN.um031092 | ||
| 003 | AR-BaUNS | ||
| 005 | 20050623122906.0 | ||
| 008 | 041125b########xx############000#0#spa#d | ||
| 245 | 1 | 0 | |a Determinación de ácido cítrico / |c Ezio Emiliani, E.D.A. Caruso, B. Goldring. |
| 100 | 1 | |a Emiliani, Ezio. | |
| 700 | 1 | |a Caruso, E.D.A. | |
| 700 | 1 | |a Goldring, B. | |
| 082 | 0 | 4 | |a 543.01 |
| 859 | |a Ar-BaUNS |b BIB. CENTRAL - Sector C |h 543.01 |i Em46 |p 93736/987 | ||
